000 00333pab a2200145 454500
008 180718b1990 xxu||||| |||| 00| 0 eng d
100 _aRay, Jayanta Kumar
245 _aSouth Asia in the 1990s
260 _c1990
300 _a599-607
362 _aSept.
650 _aSouth Asia
773 _aStrategic Analysis
909 _a18897
999 _c18897
_d18897